| 000 | 00870cam a2200217 4500 | ||
|---|---|---|---|
| 001 | ABS61190 | ||
| 008 | 000000n1999 000 0 eng u | ||
| 035 | _a(Sirsi) u101782 | ||
| 100 | _aWebb, P. | ||
| 245 | _aHoopsafe beams to rectify subsidence damage in low-rise buildings. | ||
| 260 | _c1999 | ||
| 490 |
_aStructural Survey _v17(2) 1999, 109-116(8) |
||
| 520 | _aExamines the Hoopsafe system for restoring the structural integrity of low-rise residential property damaged by ground movement. The system uses a grid of post-tensioned concrete beams and is an cheap alternative to traditional underpinning. Case studies. References. | ||
| 650 |
_aInsurance _96249 |
||
| 650 | _aSTRUCTURAL DEFECTS | ||
| 650 | _aSUBSIDENCE | ||
| 650 | _aUNDERPINNING | ||
| 650 |
_aRESIDENTIAL PROPERTY _96266 |
||
| 690 | _aBUILT ENVIRONMENT-BUILDING INSPECTION | ||
| 942 | _n0 | ||
| 999 |
_c60895 _d60895 |
||